Southville International School and Colleges
Your cart is empty.
  • Cart
  • Lists
    Public lists Eva Luna New books Lux_list list_1
    Your lists Log in to create your own lists
  • Log in to your account
  • Your cookies
  • Search history
Southville International School and Colleges
  • Advanced search
  • Recent comments
  • Most popular
  • Libraries

Log in to your account

Log in with GOOGLE


If you do not have an external account, but do have a local account, you can still log in:

  1. Home
  2. MARC view: Physics /
Normal view MARC view ISBD view

Physics / (Record no. 22699)

[ view plain ]
MARC details
000 -LEADER
fixed length control field 00500nam a2200181 a 4500
005 - DATE AND TIME OF LATEST TRANSACTION
control field 20140310183429.0
008 - FIXED-LENGTH DATA ELEMENTS--GENERAL INFORMATION
fixed length control field 071206s19uu xx uuu eng d
020 ## - INTERNATIONAL STANDARD BOOK NUMBER
International Standard Book Number 9780071107594
050 ## - LIBRARY OF CONGRESS CALL NUMBER
Classification number QC 21
Item number .T595 2007
100 ## - MAIN ENTRY--PERSONAL NAME
Personal name Tippens, Paul E.
245 ## - TITLE STATEMENT
Title Physics /
Statement of responsibility, etc Paul E. Tippens
250 ## - EDITION STATEMENT
Edition statement 7th ed.
260 ## - PUBLICATION, DISTRIBUTION, ETC. (IMPRINT)
Place of publication, distribution, etc U.S.A :
Name of publisher, distributor, etc McGraw-Hill Companies, Inc,
Date of publication, distribution, etc 2007.
300 ## - PHYSICAL DESCRIPTION
Extent I-16, 782 p. :
Other physical details col. ill. ;
Dimensions 27 cm.
650 ## - SUBJECT ADDED ENTRY--TOPICAL TERM
Topical term or geographic name as entry element Physics
General subdivision Textbooks.
942 ## - ADDED ENTRY ELEMENTS (KOHA)
Koha item type Books
Source of classification or shelving scheme Library of Congress Classification
Call number prefix Foreign
Holdings
Withdrawn status Lost status Source of classification or shelving scheme Damaged status Home library Current library Shelving location Date acquired Source of acquisition Cost, normal purchase price Total Checkouts Total Renewals Full call number Barcode Date last seen Date checked out Copy number Price effective from Koha item type
    Library of Congress Classification   College Library College Library General Circulation Section 12/06/2007 Donation 3141.00 2 22 QC 21 .T595 2007 C8912 07/09/2018 05/21/2018 1 10/18/2013 Books

Physics /

APA

Tippens P. E., . (2007). Physics. U.S.A: McGraw-Hill Companies, Inc.

Chicago

Tippens Paul E, . 2007. Physics. U.S.A: McGraw-Hill Companies, Inc.

Harvard

Tippens P. E., . (2007). Physics. U.S.A: McGraw-Hill Companies, Inc.

MLA

Tippens Paul E, . Physics. U.S.A: McGraw-Hill Companies, Inc. 2007.

  • Place hold
  • Print
  • Cite
  • Add to your cart (remove)
  • Save record
    BIBTEX Dublin Core MARCXML MARC (non-Unicode/MARC-8) MARC (Unicode/UTF-8) MARC (Unicode/UTF-8, Standard) MODS (XML) RIS
  • More searches
    Search for this title in:
    Other Libraries (WorldCat) Other Databases (Google Scholar) Online Stores (Bookfinder.com) Open Library (openlibrary.org)

Exporting to Dublin Core...

SOUTHVILLE LIBRARY

Southville International School and Colleges Library

1281 Tropical Ave. Cor. Luxembourg St., BF Homes International, Las Pinas City

Tel. No. 8256374 / 252358 Loc. 117/146

Powered by Koha